Statistics for Countries most reliant on others for food

Click here to take the quiz!

General Stats

  • This quiz has been taken 28 times
  • The average score is 7 of 10

Answer Stats

Food imports(usdbillions)Answer% Correct
133.2USA
88%
105.26China
88%
66.54UK
88%
98.90Germany
84%
68.86Japan
80%
62.29France
76%
51.34Italy
76%
38.6Russia
76%
64.38Netherlands
40%
40.87Belgium
32%

Score Distribution

Percentile by Number Answered

Percent of People with Each Score

Your Score History

You have not taken this quiz